Θερινούς Ολυμπιακούς Αγώνες - Πόλεις - Statistics

General Stats
  • This quiz has been taken 33 times
  • The average score is 18 of 24
Answer Stats
Έτη Πόλη % Correct
1900, 1924, 2024 Παρίσι
100%
1908, 1948, 2012 Λονδίνο
100%
1896, 2004 Αθήνα
95%
1960 Ρώμη
95%
1992 Βαρκελώνη
95%
2008 Πεκίνο
95%
1932, 1984, 2028 Λος Άντζελες
91%
1936 Βερολίνο
91%
1964, 2020 Τόκιο
91%
1980 Μόσχα
91%
1996 Ατλάντα
86%
1968 Πόλη του Μεξικού
77%
1972 Μόναχο
77%
2016 Ρίο ντε Τζανέιρο
77%
1912 Στοκχόλμη
73%
1988 Σεούλ
73%
2000 Σύδνεϋ
73%
1956 Μελβούρνη
64%
1976 Μόντρεαλ
64%
1928 Άμστερνταμ
59%
1952 Ελσίνκι
50%
1920 Αμβέρσα
36%
1904 Σαιντ Λούις
32%
2032 Μπρισμπέιν
23%
No matching quizzes found
Score Distribution
Percent of People with Each Score
Percentile by Number Answered
Your Score History
You have not taken this quiz